| 000 | 00725nam a22002177a 4500 | ||
|---|---|---|---|
| 005 | 20240919152819.0 | ||
| 010 | _aENG-140391, ENG-140392, ENG-140393 | ||
| 020 |
_a9788195474066 _c250.00 |
||
| 035 | _aEN-123923 | ||
| 035 | _aEN-123924 | ||
| 035 | _aEN-123925 | ||
| 037 | _bDBAD | ||
| 082 | _a181.46 | ||
| 100 |
_aSaraswati, Dayanand _971799 |
||
| 245 |
_aSatyarth Prakash: _bLight Of Truth/ _cby Dayanand Saraswati; translated by Chiranjeev Bharadwaj |
||
| 260 |
_aDelhi _bArsh Sahitya Prachar Trust _c2022 |
||
| 270 |
_a427,Gali Mandir Wali,Naya Bans, Khari Baoli _bTamil Nadu _e110006 |
||
| 300 |
_a806p. _c22cm, (hb} |
||
| 700 |
_aBharadawaj, Chiranjeev _966519 |
||
| 942 |
_2ddc _cEN _h181.46 _mSAR |
||
| 999 |
_c203050 _d203050 |
||